01698nam a22003977a 45000010008000000030009000080050017000170070008000340080039000420200018000810400022000990820022001211000017001432400097001602450182002572600031004393000027004704900041004975000021005385040032005596500039005916500045006306500038006756500031007136500045007447000036007897000035008258300041008609100037009019420012009389450037009509520126009879520132011139560038012459990017012830011405DO-SdBNP20171110100452.00011405160915b 2005 sp||||| |||| 00| 0 spa d a9788497510295 aBPMSUbspacBPMSU 4a618.92855 bW419t1 aWeigl, Irina a Hot-ein handlungsorientierter Therapieansatz für Kinder mit Sprachentwicklungsstörungen10aTerapia orientada a la acción :bpara niños con trastornos en el desarrollo del lenguaje /6Irina weigl , Marianne Reddermann-Tschaikner ; traducción Nieves Muñoz Ramiro aBarcelona :bLexus,c2005. a188 p. :bil.,c25 cm.1 aComunicación, lenguaje y logopedia aIncluye índice aBibliografía: p. 178-185 4aTRASTORNOS DEL LENGUAJE EN NIÑOS 4aTRASTORNOS DE LA COMUNICACION EN NIÑOS 4aTERAPIA DEL LENGUAJE PARA NIÑOS 4aNIÑOS CON DISCAPACIDADES 4aTRASTORNOS DE LA COMUNICACION EN NIÑOS12aReddemann-Tschaikner, Marianne.12aMuñoz Ramiro, Nieves,etrad. 0aComunicación, lenguaje y logopedia aValidado. Control de calidad MFF 2ddccBK aInvetariado extranjero / 2017 VM 00102ddc40708CGaBPMETbBPMETd2016-09-15eDonaciónl0o618.92855 W419tpBPMSU16090319r2016-09-15w2016-09-15yBK 00102ddc40708CGaBPMETbBPMETd2016-09-15eDonaciónl0o618.92855 W419tpBPMSU16090320r2016-09-15te. 2w2016-09-15yBK aBTAVÁREZb10c20160915d0011405 c11396d11396